| 000 | 00000nam 2200000zi 4500 |
| 001 | 9.947378 |
| 003 | CaOODSP |
| 005 | 20250124163727 |
| 006 | m o d f |
| 007 | cr |n||||||||| |
| 008 | 250124s1938 onca o f000 0 eng d |
| 040 | |aCaOODSP|beng|erda|cCaOODSP |
| 043 | |an-cn-ab |
| 086 | 1 |aA52-280/1938E-PDF |
| 086 | 1 |zA51-36E-PDF |
| 100 | 1 |aFairfield, W. H., |eauthor. |
| 245 | 10|aExperimental Station, Lethbridge, Alta. : |bresults of experiments, 1932-1936 / |cW. H. Fairfield. |
| 264 | 1|aOttawa, Canada : |bMinister of Agriculture, |c1938 |
| 300 | |a1 online resource (42 pages) : |billustrations |
| 336 | |atext|btxt|2rdacontent |
| 337 | |acomputer|bc|2rdamedia |
| 338 | |aonline resource|bcr|2rdacarrier |
| 500 | |aDigitized edition from print [provided by Agriculture and Agri-Food Canada]. |
| 610 | 15|aCanada. |bExperimental Station (Lethbridge, Alta.) |
| 610 | 15|aCanada. |bStation expérimentale (Lethbridge, Alb.) |
| 650 | 0|aAgricultural experiment stations|zAlberta|zLethbridge. |
| 650 | 6|aStations agronomiques|zAlberta|zLethbridge. |
| 710 | 1 |aCanada. |bExperimental Station (Lethbridge, Alta.), |eissuing body. |
| 710 | 2 |aDominion Experimental Farms and Stations (Canada), |eissuing body. |
| 856 | 40|qPDF|s7.12 MB|uhttps://publications.gc.ca/collections/collection_2024/aac-aafc/A51-36-1932-eng.pdf |